000 00988nam a2200253Ia 4500
005 20160713152843.0
008 130821s2012 ck gr spa
020 _a9789586539722 (4a.Ed.)
040 _aCO-BoUCM
_bspa
_cSaul Niño (Modificó)
_d[Nuevo]
041 0 0 _aspa
100 1 _aBrito Ruíz, Fernando
_933230
245 1 0 _aRégimen disciplinario
_bprocedimiento ordinario, procedimiento verbal, pruebas
_cFernando Brito Ruíz
250 _aCuarta edición actualizada
260 _aBogotá (Colombia)
_bLegis
_c2012
300 _axvii, 467 páginas
504 _aIncluye referencias bibliográficas e índices
650 0 4 _aCorrupción administrativa
_xLegislación
_zColombia
_942311
650 0 4 _aDerecho administrativo
_912695
650 0 4 _aFunción pública
_916187
650 0 4 _aFuncionarios públicos
_xLegislación
_zColombia
_941202
690 0 _aDerecho administrativo
_912695
942 _cLIBRO
_a8
_e4
_mB862r
_2DEWEY
_h342.068
999 _c39201
_d39201